Los hombres nacen de nuevo / [por] Fray Jacobo Hevia

में बचाया:
ग्रंथसूची विवरण
मुख्य लेखक: Hevia, Jacobo (autor)
स्वरूप: पुस्तक
श्रृंखला:Col. "OPE" (11)
विषय:
टैग: टैग जोड़ें
कोई टैग नहीं, इस रिकॉर्ड को टैग करने वाले पहले व्यक्ति बनें!

MARC

LEADER 00000nam^a2200000^u^4500
001 000538708
005 20250521000000.0
008 060220s1000^^^^^^^^^^^^r^^^^^000^0^spa^d
009 20260310131126.084
035 |a FMI 000005510 
037 |a Acervo Xavier Clavigero 
096 |a 4.2/45/B 
100 |a Hevia, Jacobo  |e (autor) 
245 1 4 |a Los hombres nacen de nuevo / [por] Fray Jacobo Hevia 
264 |a Pamplona (España) : Ope, villava, 1965 
300 |a 208 p. 
336 |a texto  |b txt  |2 rdacontenido 
337 |a sin mediación  |b n  |2 rdamedio 
338 |a volumen  |b nc  |2 rdasoporte 
440 0 |a Col. "OPE" (11) 
649 |a XX 
650 |a ESPIRITUALIDAD MODERNA. 
910 |a Fondo Francisco Migoya Covarrubias S.J. 
920 |a Impresos - Libros 
930 |a Fondos Especiales 
905 |a 134 
901 |a SBC06352  |b IT2  |c ESP  |u 20250521 
902 |a https://opac.biblio.iteso.mx/vufind/Record/000538708